000 00569 a2200181 4500
999 _c8285
_d8285
020 _a9781779033994
050 _aTT504.6 MUK 2012
100 _aMukoko, a.
_eauthor
245 _aStep ahead Fashion and Fabrics 'O' Level :
_bstudent's Book /
_cA. Mukoko & M. Zingoma
264 _aZimbabwe :
_bLongman,
_c2012.
300 _a384p. :
_bill.
500 _aIncludes index
650 _aFashion and Fabrics---Ordinary level
650 _aFashion and fabrics---Secondary Education
651 _aZimbabwe
700 _aZingoma, M.
_eauthor
942 _2lcc
_cBK
_h504.6
_iMUK
_kTT